000 00905cam a22002771 4500
999 _c26946
_d26946
001 6064498
005 20170207094125.0
008 800626s1957 gw a 000 0 ger
010 _aa 57007018
035 _a(OCoLC)6465088
040 _aDLC
_cTxCM
_dDLC
050 0 0 _aNC1505
_b.R6
100 1 _aRoth, Eugen,
_d1895-1976.
245 1 0 _a100 Jahre Humor in der deutschen Kunst/
246 3 _aHundert Jahre Humor in der deutschen Kunst
260 _a[Hannover] :
_bFackelträger-Verlag,
_c[1957]
300 _a1 v. (unpaged)
_billus.
_c24 cm.
500 _aIncludes "Die Zeichner einzeln vorgestellt."
650 0 _aGerman wit and humor, Pictorial.
650 0 _aArtists, German.
906 _a7
_bcbc
_coclcrpl
_du
_encip
_f19
_gy-gencatlg
942 _2lcc
_cBOOKS
_hNC 1505 .R6 1957